000
00326pab a2200145 454500
008
180718b2003 xxu||||| |||| 00| 0 eng d
100
_a
Shukla, S.P.
245
_a
The meaning of Cancum
260
_c
2003
300
_a
p.3-4.
362
_a
20 Sep
650
_a
International trade
773
_a
Mainstream
909
_a
58036
999
_c
58036
_d
58036